Najbardziej zaludnione państwa świata - Whammies - Statystyki

Ogólne statystyki
  • Ten quiz został rozwiązany 4 266 razy
  • Średni wynik to 13 z 20
Statystyki odpowiedzi
Populacja Państwo % Poprawnych
1.43 mld Chiny
98%
1.46 mld Indie
98%
350 mln Stany Zjednoczone
97%
144 mln Rosja
86%
212 mln Brazylia
85%
123 mln Japonia
73%
285 mln Indonezja
69%
131 mln Meksyk
68%
235 mln Nigeria
68%
84.4 mln Niemcy
64%
253 mln Pakistan
62%
175 mln Bangladesz
60%
117 mln Egipt
51%
111 mln Demokratyczna Republika Konga
46%
92.0 mln Iran
43%
134 mln Etiopia
41%
116 mln Filipiny
41%
87.6 mln Turcja
41%
101 mln Wietnam
40%
71.6 mln Tajlandia
39%
Nie znaleziono quizów pasujących do podanych kryteriów
Rozkład punktacji
Procent ludzi z każdym wynikiem
Percentyl według liczby udzielonych odpowiedzi
Twoja historia wyników
Nie rozwiązałeś tego quizu